000 00690nam a2200289Ia 4500
005 20260324130244.0
008 008 260324s9999 xx 000 0 eng d
020 _a9781315698441
037 _aEBOOK
040 _aCRL
040 _beng
040 _cCRL
041 _2eng
041 _aeng
084 _qCRL
100 _aJohn Mcdonald
_91181083
245 0 _aUrban America: Growth, Crisis, and Rebirth
245 0 _bGrowth, Crisis, and Rebirth
260 _bTaylor and Francis
260 _c2008
365 _a
365 _b70.99
856 _uhttp://www.taylorfrancis.com/books/9781315698441
942 _cEBOOK
999 _c1777102
_d1777102